| 000 | 00876nam a2200277 i 4500 | ||
|---|---|---|---|
| 001 | 19213 | ||
| 003 | ES-MaACL | ||
| 005 | 20250803064315.0 | ||
| 007 | t| | ||
| 008 | 020611s2001 sp ||||1| spa d | ||
| 020 | _a84-8310-769-4 | ||
| 080 | _a821.134.2 Bécquer, Gustavo Adolfo 7 Rimas.06 | ||
| 100 | 1 |
_aGarcía Montero, Luis, _d1958- _954978 |
|
| 245 | 1 | 0 |
_aGigante y extraño _b: las "Rimas" de Gustavo Adolfo Bécquer. |
| 250 | _a1ª ed. | ||
| 260 |
_aBarcelona : _bTusquets, _c2001. |
||
| 300 |
_a452 p. ; _c24 cm. |
||
| 490 | 1 |
_aMarginales ; _v197 |
|
| 504 | _aBibliografía: p. 443-452. | ||
| 600 | 1 | 4 |
_aBécquer, Gustavo Adolfo, _d1836-1870. _tRimas _926978 |
| 700 | 1 |
_aBécquer, Gustavo Adolfo, _d1836-1870 _926974 |
|
| 830 | 0 | 0 |
_aMarginales ; _v197 _9236110 |
| 852 |
_aES-MaACL _jL-25647 _bR.131267 |
||
| 942 | _2udc | ||
| 999 |
_c19213 _d19213 |
||